| 000 | 00868cab a2200217 4500 | ||
|---|---|---|---|
| 001 | ABS39680 | ||
| 008 | 090401t1988 xxu||||| |||| 00| 0 eng d | ||
| 035 | _a(Sirsi) u18245 | ||
| 041 | _aeng | ||
| 100 | _aBoyle, C. | ||
| 245 | _aWhat`s your best estimate | ||
| 260 | _c1988 | ||
| 350 | _a0 | ||
| 490 |
_aChartered Quantity Surveyor _v10(12) August 1988, 16-17(2) |
||
| 520 | _aLooks into the new format of analysing data for quantity surveying in comparison with the more conventional technique known as the EDA ( Explanatory Data Analysis ) it uses the median and inter quartile range instead of the mean and standard deviation as the most suitable measures of distribution. Statistical tables giving comparisons are included. | ||
| 650 | _aESTIMATING | ||
| 650 | _aSTATISTICS | ||
| 690 |
_aQuantity surveying _96263 |
||
| 942 | _n0 | ||
| 948 | _c04/03/1997 | ||
| 999 |
_c12108 _d12108 |
||